Normal view MARC view
  • ORGANISATIONAL BEHAVIOUR. ORGANISATIONAL STRUCTURE.TEAM WORK

Entry Topical Term

Number of records used in: 1

001 - CONTROL NUMBER

  • control field: 64811

003 - CONTROL NUMBER IDENTIFIER

  • control field: NUST

005 - DATE AND TIME OF LATEST TRANSACTION

  • control field: 20210628203333.0

008 - FIXED-LENGTH DATA ELEMENTS

  • fixed length control field: 210628|| aca||aabn | a|a d

040 ## - CATALOGING SOURCE

  • Original cataloging agency: NUST
  • Transcribing agency: NUST

150 ## - HEADING--TOPICAL TERM

  • Topical term or geographic name entry element: ORGANISATIONAL BEHAVIOUR. ORGANISATIONAL STRUCTURE.TEAM WORK

670 ## - SOURCE DATA FOUND

  • Source citation: Work cat.: (NUST): Bpp Learning Media 64810, Organisations and behaviour, 2009
© 2023 Central Library, National University of Sciences and Technology. All Rights Reserved.